000 00588nam a2200229Ia 4500
003 OSt
005 20220924144241.0
006 a|||||r|||| 00| 0
007 ta
008 220923b |||||||| |||| 00| 0 urd d
024 _a313053
037 _cTextual
040 _aARTS
_cARTS
_burd
041 _2urd
_aurd
082 _aO168,1M69x, M8
100 _aRizvi Sayed Masood Hasan
245 0 _aQasaid-e-Saqib Lucknowi
260 _c1988
650 _aURDU POETRY
942 _hO168,1M69x, M8
_cTEXL
_2CC
999 _c456525
_d456525